Pays par aliments photo Quiz - Statistiques

Statistiques générales
  • Ce quiz a été pris 1 207 fois
    1 144 depuis la dernière actualisation
  • Le résultat moyen est 8 sur 15
Statistiques - réponses
Par images Réponse % Correct
France
(Croissant)
99%
Japon
(Sushi)
99%
Allemagne
(Bretzels)
87%
Mexique
(Taco)
84%
Italie
(Tiramisu)
82%
Etats-Unis
(Egg Benedict)
53%
Turquie
(délice turc)
48%
Royaume-Uni
(Tourte de berger)
44%
Inde
(Idli)
42%
Brésil
(brigadeiro)
33%
Corée
(Kimchi)
28%
Australie / Nouvelle-Zélande
(Pavlova)
25%
Égypte
(Falafel)
14%
Indonésie
(Rending)
8%
Nigeria / Ghana
(Soupe de cacahuètes au Fufu)
6%
Aucun quiz correspondant
Distribution des résultats
% des personnes avec chaque résultat
Percentile par nombre de réponses
Votre historique - résultats
Vous n’avez pas pris ce quiz depuis la dernière actualisation